000 00726nam a2200241 i 4500
001 bg
100 1 _aNowicki, Witold
_d(1903-1994).
245 0 0 _aTelekomunikacja współczesna :
_bpróba syntezy /
_cWitold Nowicki.
260 _aWarszawa :
_bPaństwowe Wydawnictwo Naukowe,
_c1966.
300 _a554, [1] s. :
_bil. ;
_c25 cm.
504 _aBibliogr. przy rozdz. Indeks
546 _aSpis treści i streszcz. także w jęz. ang. i ros.
650 9 _aTechnika telekomunikacji.
650 9 _aTelekomunikacja
_xhistoria.
650 9 _aTelekomunikacja
_xsystemy.
040 _cBPK
041 0 _apol
044 _aPOL
080 _a621.39
080 _a654
942 _cKS
008 130116s pl a f |000 0 pol
999 _c53821
_d53821
856 _uhttp://koha.tu.koszalin.pl/cgi-bin/koha/opac-detail.pl?biblionumber=53821
_yKatalog online BPK